<?xml version="1.0" encoding="UTF-8"?>
<collection xmlns="http://www.loc.gov/MARC21/slim">
<record>
  <controlfield tag="001">55379</controlfield>
  <controlfield tag="005">20230317221525.0</controlfield>
  <datafield tag="037" ind1=" " ind2=" ">
    <subfield code="a">GDS-IMPORT-DOC-2010-Jun-160-1</subfield>
  </datafield>
  <datafield tag="041" ind1=" " ind2=" ">
    <subfield code="a">German</subfield>
  </datafield>
  <datafield tag="088" ind1="1" ind2=" ">
    <subfield code="a">GSI Report 1993-43</subfield>
  </datafield>
  <datafield tag="088" ind1=" " ind2=" ">
    <subfield code="a">GSI Report 1993-43</subfield>
    <subfield code="2">GSI</subfield>
  </datafield>
  <datafield tag="100" ind1="1" ind2=" ">
    <subfield code="a">Riehl, Günter</subfield>
    <subfield code="0">P:(DE-Ds200)OR1029</subfield>
    <subfield code="b">0</subfield>
    <subfield code="u">gsi</subfield>
    <subfield code="e">Corresponding author</subfield>
  </datafield>
  <datafield tag="245" ind1=" " ind2=" ">
    <subfield code="a">Untersuchung der mehrdimensionalen transversalen Phrasenraumverteilungen von intensiven Ionenstrahlen</subfield>
  </datafield>
  <datafield tag="260" ind1=" " ind2=" ">
    <subfield code="a">Darmstadt</subfield>
    <subfield code="c">1993</subfield>
    <subfield code="b">GSI</subfield>
  </datafield>
  <datafield tag="300" ind1=" " ind2=" ">
    <subfield code="a">101 S.</subfield>
  </datafield>
  <datafield tag="336" ind1="7" ind2=" ">
    <subfield code="a">Book</subfield>
    <subfield code="b">book</subfield>
    <subfield code="m">book</subfield>
    <subfield code="0">PUB:(DE-HGF)3</subfield>
    <subfield code="s">1382959789_3926</subfield>
    <subfield code="2">PUB:(DE-HGF)</subfield>
  </datafield>
  <datafield tag="336" ind1="7" ind2=" ">
    <subfield code="a">book</subfield>
    <subfield code="2">DRIVER</subfield>
  </datafield>
  <datafield tag="336" ind1="7" ind2=" ">
    <subfield code="a">BOOK</subfield>
    <subfield code="2">BibTeX</subfield>
  </datafield>
  <datafield tag="336" ind1="7" ind2=" ">
    <subfield code="a">Book</subfield>
    <subfield code="0">1</subfield>
    <subfield code="2">EndNote</subfield>
  </datafield>
  <datafield tag="336" ind1="7" ind2=" ">
    <subfield code="a">Internal Report</subfield>
    <subfield code="0">PUB:(DE-HGF)15</subfield>
    <subfield code="2">PUB:(DE-HGF)</subfield>
    <subfield code="m">intrep</subfield>
  </datafield>
  <datafield tag="500" ind1=" " ind2=" ">
    <subfield code="a">Doktorarbeit Universität Frankfurt/M
IMPORT aus dem GDS: https://www.gsi.de/documents/DOC-2010-Jun-160.html</subfield>
  </datafield>
  <datafield tag="502" ind1=" " ind2=" ">
    <subfield code="c">Frankfurt/M</subfield>
  </datafield>
  <datafield tag="536" ind1=" " ind2=" ">
    <subfield code="a">899 - ohne Topic (POF2-899)</subfield>
    <subfield code="0">G:(DE-HGF)POF2-899</subfield>
    <subfield code="c">POF2-899</subfield>
    <subfield code="x">0</subfield>
    <subfield code="f">POF I</subfield>
  </datafield>
  <datafield tag="856" ind1="4" ind2=" ">
    <subfield code="u">http://repository.gsi.de/record/55379/files/DOC-2010-Jun-160-1.pdf</subfield>
    <subfield code="y">Restricted</subfield>
  </datafield>
  <datafield tag="909" ind1="C" ind2="O">
    <subfield code="o">oai:repository.gsi.de:55379</subfield>
    <subfield code="p">openaire</subfield>
    <subfield code="p">open_access</subfield>
    <subfield code="p">VDB</subfield>
    <subfield code="p">driver</subfield>
    <subfield code="p">dnbdelivery</subfield>
  </datafield>
  <datafield tag="910" ind1="1" ind2=" ">
    <subfield code="a">GSI Helmholtzzentrum für Schwerionenforschung GmbH</subfield>
    <subfield code="0">I:(DE-Ds200)20121206GSI</subfield>
    <subfield code="k">GSI</subfield>
    <subfield code="b">0</subfield>
    <subfield code="6">P:(DE-Ds200)OR1029</subfield>
  </datafield>
  <datafield tag="913" ind1="1" ind2=" ">
    <subfield code="a">DE-HGF</subfield>
    <subfield code="b">Programmungebundene Forschung</subfield>
    <subfield code="l">ohne Programm</subfield>
    <subfield code="1">G:(DE-HGF)POF2-890</subfield>
    <subfield code="0">G:(DE-HGF)POF2-899</subfield>
    <subfield code="2">G:(DE-HGF)POF2-800</subfield>
    <subfield code="v">ohne Topic</subfield>
    <subfield code="x">0</subfield>
    <subfield code="4">G:(DE-HGF)POF</subfield>
    <subfield code="3">G:(DE-HGF)POF2</subfield>
  </datafield>
  <datafield tag="915" ind1=" " ind2=" ">
    <subfield code="a">OpenAccess</subfield>
    <subfield code="0">StatID:(DE-HGF)0510</subfield>
    <subfield code="2">StatID</subfield>
  </datafield>
  <datafield tag="920" ind1="1" ind2=" ">
    <subfield code="0">I:(DE-Ds200)BUD-20051214OR030</subfield>
    <subfield code="k">BUD</subfield>
    <subfield code="l">Bibliothek &amp; Dokumentation</subfield>
    <subfield code="x">0</subfield>
  </datafield>
  <datafield tag="920" ind1="1" ind2=" ">
    <subfield code="0">I:(DE-Ds200)ACO-20051214OR053</subfield>
    <subfield code="k">ACO</subfield>
    <subfield code="l">Control Systems</subfield>
    <subfield code="x">1</subfield>
  </datafield>
  <datafield tag="970" ind1=" " ind2=" ">
    <subfield code="a">GDS-IMPORT-DOC-2010-Jun-160</subfield>
  </datafield>
  <datafield tag="980" ind1="1" ind2=" ">
    <subfield code="a">GSI Report</subfield>
  </datafield>
  <datafield tag="980" ind1="1" ind2=" ">
    <subfield code="a">Fulltexts</subfield>
  </datafield>
  <datafield tag="980" ind1=" " ind2=" ">
    <subfield code="a">book</subfield>
  </datafield>
  <datafield tag="980" ind1=" " ind2=" ">
    <subfield code="a">VDB</subfield>
  </datafield>
  <datafield tag="980" ind1=" " ind2=" ">
    <subfield code="a">GSI Report</subfield>
  </datafield>
  <datafield tag="980" ind1=" " ind2=" ">
    <subfield code="a">UNRESTRICTED</subfield>
  </datafield>
  <datafield tag="980" ind1=" " ind2=" ">
    <subfield code="a">intrep</subfield>
  </datafield>
  <datafield tag="980" ind1=" " ind2=" ">
    <subfield code="a">I:(DE-Ds200)20120319OR030</subfield>
  </datafield>
  <datafield tag="980" ind1=" " ind2=" ">
    <subfield code="a">I:(DE-Ds200)BUD-20051214OR030</subfield>
  </datafield>
  <datafield tag="980" ind1=" " ind2=" ">
    <subfield code="a">I:(DE-Ds200)20121009OR053</subfield>
  </datafield>
  <datafield tag="980" ind1=" " ind2=" ">
    <subfield code="a">I:(DE-Ds200)ACO-20051214OR053</subfield>
  </datafield>
</record>
</collection>